00440nam a2200145 a 4500020001700000082001700017245004900034260003400083300001300117650001000130700002100140942000700161952010900168999001700277 a0709942486 : a297.197bROF00aIslam and the political economy of meaning : aLondon :bCroom Helm,cc1987. a295 p. ; 0aIslam1 aRoff, William R. cBK 00104070aHMIbHMIcGENd2023-08-03eNetherlandsl0o297.197 ROFp11004713r2026-01-16w2026-01-16yBK c23332d23332